Základy galvanotechniky a technológia zinkovania : 1.časť /
Guardado en:
| Autores principales: | , |
|---|---|
| Formato: | Libro |
| Lenguaje: | eslovaco |
| Publicado: |
Bratislava :
Dom techniky ZSVTS,
1991
|
| Etiquetas: |
Sin Etiquetas, Sea el primero en etiquetar este registro!
|
MARC
| LEADER | 00000nam a22000003a 4500 | ||
|---|---|---|---|
| 001 | stu20958 | ||
| 005 | 20150617225754.1 | ||
| 008 | 930104s1991----cs------------------slo-d | ||
| 020 | |a 80-233-0126-8 | ||
| 040 | |a STU |b slo | ||
| 041 | 0 | |a slo | |
| 044 | |a cs | ||
| 080 | |a 621.357.7 | ||
| 100 | 1 | |a Cyrus, Záviš |4 aut | |
| 245 | 1 | |a Základy galvanotechniky a technológia zinkovania : |b 1.časť / |c [aut.]Cyrus,Záviš, Šulc,Jiří | |
| 260 | |a Bratislava : |b Dom techniky ZSVTS, |c 1991 | ||
| 300 | |a 39 s : |b Obr.,tab.,grafy | ||
| 700 | 1 | |a Šulc, Jiří |4 aut | |
| 996 | |b CK491 |c C*K491 |l CCVI |s P |a 0 |w stu20958_0001 | ||